00764 2200265 4500001002100000005001500021035002500036007000300061008004100064040001700105090002300122090002100145100001900166245007100185250001100256260004100267300004400308650003400352850001200386020002200398082001700420084001900437999002100456990002100477YOGYA00000000008638420200619103901 a0010-081400000086101ta131204s2013 yoi g ind d aYOPDYOGbind aDEP 305.8951 CHO m aCB-D.11 2013-1910 aChoirul Mahfud00aManifesto politik Tionghoa di Indonesia /cpenulis, Choirul Mahfud aCet. 13 aYogyakarta :bPustaka Pelajar,c2013 axvii, 518 halaman :bilustrasi ;c23 cm 4aPolitik Tionghoa--yIndonesia aYOPDYOG a978-602-229-186-204222a305.8951 a305.8951 CHO m aCB-D.11/2013-191 aCB-D.11/2013-191